<?xml version="1.0" encoding="UTF-8"?><marc:collection xmlns:marc="http://www.loc.gov/MARC21/slim">
  <marc:record>
    <marc:leader>00000nam  2200000za 4500</marc:leader>
    <marc:controlfield tag="001">9.824197</marc:controlfield>
    <marc:controlfield tag="003">CaOODSP</marc:controlfield>
    <marc:controlfield tag="005">20221107144054</marc:controlfield>
    <marc:controlfield tag="007">cr |||||||||||</marc:controlfield>
    <marc:controlfield tag="008">161101s2016    qucabd  ob   f000 0 fre d</marc:controlfield>
    <marc:datafield tag="020" ind1=" " ind2=" ">
      <marc:subfield code="a">9780660062976</marc:subfield>
    </marc:datafield>
    <marc:datafield tag="040" ind1=" " ind2=" ">
      <marc:subfield code="a">CaOODSP</marc:subfield>
      <marc:subfield code="b">fre</marc:subfield>
    </marc:datafield>
    <marc:datafield tag="043" ind1=" " ind2=" ">
      <marc:subfield code="a">n-cn---</marc:subfield>
    </marc:datafield>
    <marc:datafield tag="086" ind1="1" ind2=" ">
      <marc:subfield code="a">En164-52/2016F-PDF</marc:subfield>
    </marc:datafield>
    <marc:datafield tag="245" ind1="0" ind2="0">
      <marc:subfield code="a">Plan d'action et d'aménagement panlacustre du lac Supérieur 2015-2019 </marc:subfield>
      <marc:subfield code="h">[ressource électronique].</marc:subfield>
    </marc:datafield>
    <marc:datafield tag="246" ind1="1" ind2="7">
      <marc:subfield code="a">PAAP du lac Supérieur 2015-2019</marc:subfield>
    </marc:datafield>
    <marc:datafield tag="260" ind1=" " ind2=" ">
      <marc:subfield code="a">[Ottawa?] : </marc:subfield>
      <marc:subfield code="b">Partenariat du lac Supérieur, </marc:subfield>
      <marc:subfield code="c">2016.</marc:subfield>
    </marc:datafield>
    <marc:datafield tag="300" ind1=" " ind2=" ">
      <marc:subfield code="a">ii, 101 p. : </marc:subfield>
      <marc:subfield code="b">cartes (certaines en coul.), graph. en coul., ill. en coul.</marc:subfield>
    </marc:datafield>
    <marc:datafield tag="500" ind1=" " ind2=" ">
      <marc:subfield code="a">Publ. aussi en anglais sous le titre : Lake Superior Lakewide Action and Management Plan 2015-2019.</marc:subfield>
    </marc:datafield>
    <marc:datafield tag="500" ind1=" " ind2=" ">
      <marc:subfield code="a">Titre de la couv.</marc:subfield>
    </marc:datafield>
    <marc:datafield tag="500" ind1=" " ind2=" ">
      <marc:subfield code="a">« Septembre 2016. »</marc:subfield>
    </marc:datafield>
    <marc:datafield tag="504" ind1=" " ind2=" ">
      <marc:subfield code="a">Comprend des références bibliographiques.</marc:subfield>
    </marc:datafield>
    <marc:datafield tag="520" ind1=" " ind2=" ">
      <marc:subfield code="a">« Même si l’écosystème du lac Supérieur est en bon état, de graves menaces pèsent sur lui, notamment les espèces aquatiques envahissantes, les changements climatiques, la connectivité réduite de l’habitat entre les eaux libres du lac et les affluents, les contaminants chimiques, les nouvelles substances préoccupantes et la destruction de l’habitat. Pour résoudre ces problèmes, on a élaboré le Plan d’action et d’aménagement panlacustre (PAAP) du lac Supérieur en s’appuyant sur une grande variété de plans locaux, tribaux, étatiques, provinciaux, nationaux et binationaux, dont le Programme binational de restauration et de protection du bassin du lac Supérieur. Le PAAP 2015 du lac Supérieur est un plan d’action binational visant à restaurer et à protéger l’écosystème. Il décrit : les conditions environnementales actuelles; les menaces qui pèsent sur l’écosystème; les objectifs panlacustres; les priorités pour les futures enquêtes scientifiques; les mesures et les projets nécessaires pour atteindre les objectifs panlacustres » -- Résumé, p. 1.</marc:subfield>
    </marc:datafield>
    <marc:datafield tag="693" ind1=" " ind2="4">
      <marc:subfield code="a">Supérieur, Lac</marc:subfield>
    </marc:datafield>
    <marc:datafield tag="693" ind1=" " ind2="4">
      <marc:subfield code="a">Qualité de l'eau</marc:subfield>
    </marc:datafield>
    <marc:datafield tag="693" ind1=" " ind2="4">
      <marc:subfield code="a">Gestion de l'environnement</marc:subfield>
    </marc:datafield>
    <marc:datafield tag="710" ind1="1" ind2=" ">
      <marc:subfield code="a">États-Unis. </marc:subfield>
      <marc:subfield code="b">Environmental Protection Agency.</marc:subfield>
    </marc:datafield>
    <marc:datafield tag="710" ind1="2" ind2=" ">
      <marc:subfield code="a">Partenariat du lac Supérieur.</marc:subfield>
    </marc:datafield>
    <marc:datafield tag="710" ind1="1" ind2=" ">
      <marc:subfield code="a">Canada. </marc:subfield>
      <marc:subfield code="b">Environnement et changement climatique Canada.</marc:subfield>
    </marc:datafield>
    <marc:datafield tag="775" ind1="0" ind2="8">
      <marc:subfield code="t">Lake Superior Lakewide Action and Management Plan 2015-2019 </marc:subfield>
      <marc:subfield code="w">(CaOODSP)9.824196</marc:subfield>
    </marc:datafield>
    <marc:datafield tag="794" ind1=" " ind2=" ">
      <marc:subfield code="t">Lac Supérieur - plan d'action et d'aménagement panlacustre, 2020-2024.</marc:subfield>
      <marc:subfield code="w">(CaOODSP)9.913000</marc:subfield>
    </marc:datafield>
    <marc:datafield tag="856" ind1="4" ind2="0">
      <marc:subfield code="q">PDF</marc:subfield>
      <marc:subfield code="s">5.73 Mo</marc:subfield>
      <marc:subfield code="u">https://publications.gc.ca/collections/collection_2016/eccc/En164-52-2016-fra.pdf</marc:subfield>
    </marc:datafield>
  </marc:record>
</marc:collection>
